000 02278cam a22002058i 4500
008 200526s2021 nju b 001 0 eng
020 _a9781119488347
050 0 0 _aHD9715.A2
_b.H37 2021
082 0 0 _a624.068
100 1 _aHarris, Frank,
245 1 0 _aModern construction management /
_cFrank Harris, former Emeritus Professor of Construction Science, University of Wolverhampton, United Kingdom; Ronald McCaffer, Emeritus Professor of Construction Management, Loughborough University, United Kingdom; Andrew Baldwin, Emeritus Professor of Construction Management, Loughborough University, United Kingdom; Distinguished Visiting Professor and Co-Director of the National Centre for International Research of Low Carbon and Green Buildings, Chongqing University, China; Francis Edum-Fotwe, Lecturer in Construction Management, Loughborough University, United Kingdom.
250 _aEighth edition.
300 _axv,, 588P.
520 _a"This book is intended for students and graduates of civil engineering, construction management, building and quantity surveying who wish to extend their knowledge and obtain a better understanding of site, business and the corporate management of construction companies. Since its first edition Modern Construction Management has successfully provided a background to how construction companies operate, the management techniques involved, their decision-making and how these decisions are successfully implemented. Over the decades since the first edition the structure of the industry, the techniques adopted and the processes have changed. Whilst the parties to a construction project have remained the same their responsibilities have changed. New materials, technologies and processes have been introduced. However the young construction manager still needs to be a competent technologist to successfully complete construction work as well as possessing the skills of knowledge of management and an understanding of business processes.. This is the basis of career enhancement to executive and board level. This remains the aim of Modern Construction Management"--
650 0 _aConstruction industry
_xManagement.
700 1 _aMcCaffer, Ronald,
700 1 _aBaldwin, Andrew,
700 1 _aEdum-Fotwe, Francis,
942 _cBK
999 _c3519
_d3519